Statistics for Most Popular Blink-182 Songs

Click here to take the quiz!

General Stats

  • This quiz has been taken 54 times
  • The average score is 11 of 20

Answer Stats

ListensSong% Correct
1,018,938,585All The Small Things
95%
738,047,200I Miss You
92%
271,205,500Dammit
87%
672,169,162What's My Age Again?
87%
407,567,998First Date
85%
295,318,306Adam's Song
77%
226,415,304The Rock Show
77%
129,392,524Stay Together For The Kids
69%
173,502,043Feeling This
62%
126,128,348Always
59%
73,558,321Dumpweed
44%
78,156,285Down
41%
66,784,195Aliens Exist
38%
99,250,347Anthem Part Two
33%
158,725,054Bored To Death
31%
59,380,720Man Overboard
28%
129,885,785She's Out Of Her Mind
28%
88,010,803Every Time I Look For You
18%
59,161,951Darkside
15%
62,634,864I Really Wish I Hated You
13%

Score Distribution

Percentile by Number Answered

Percent of People with Each Score

Your Score History

You have not taken this quiz